Prima Lettera delle Città Greche - Statistics

Statistiche generali
  • Questo quiz è stato fatto 70 volte
  • Il punteggio medio è 9 su 16
Statistiche sulle risposte
Hint Risposta % Corretto
_tene A
91%
_odi R
88%
_alonnico S
88%
_atrasso P
81%
_l Pireo I
79%
_arissa L
74%
_galeo E
67%
_andia C
59%
_anthi X
47%
_allithea K
41%
_lifada G
38%
_rama D
36%
_rikala T
36%
_olo V
34%
_ikaia N
24%
_ografo Z
21%
Nessun quiz corrispondente trovato
Distribuzione punteggi
Percentuale di utenti per punteggio
Percentile per numero di risposta
I tuoi punteggi nel tempo
Non hai fatto questo quiz